Facts about Alabama Quiz Stats

 Plays Quiz not verified by Sporcle

Challenge
Share
Tweet
Embed
Score 0/50 Timer 10:00
0 Plays Today
Fact % Correct
Largest UniversityThe University of Alabama
95%
Primary Flag ColorRed
90%
Primary Flag ColorWhite
90%
Native American TribeAlabama
90%
Capital CityMontgomery
85%
Third Largest UniversityAuburn University
85%
Largest CityBirmingham
80%
Senate Majority PartyRepublican Party
75%
House Majority PartyRepublican Party
75%
Oldest CityMobile (France-1702)
75%
Bordering StateGeorgia
75%
Bordering StateFlorida
75%
Bordering StateMississippi
75%
Bordering StateTennessee
75%
Longest RiverTennessee River
75%
Native American TribeCherokee
70%
Flagship University LocationTuscaloosa
60%
Official NameState of Alabama
55%
State BirdYellowhammer
50%
Second Largest UniversityTroy University
50%
Gulf Coast BeachGulf Shores
50%
Gulf Coast BeachOrange Beach
50%
Foreign Auto Production PlantToyota
50%
NASCAR TrackTalladega Motor Speedway
50%
NicknameYellowhammer State
45%
Fact % Correct
Largest StadiumBryant-Denny Stadium (101,821)
45%
Largest CountyJefferson County
45%
Foreign Auto Production PlantHyundai
45%
GovernorRobert J. Bentley (R)
40%
Lieutenant GovernorKay Ivey (R)
40%
Foreign Auto Production PlantHonda
40%
Native American TribeCreek
35%
MLB Hall of Famer from MobileHenry 'Hank' Aaron
35%
Native American TribeChickasaw
30%
Highest Elevation PointMount Cheaha
30%
Highest Paid State EmployeeCoach Nick Saban
30%
Foreign Auto Production PlantMercedes Benz
30%
Lowest Elevation PointMobile Bay
25%
Largest LakeLake Guntersville
25%
State Quarter DesignHelen Keller
25%
Official MottoAudemus Jura Nostra Defendere
20%
State FlowerCamelia
20%
Super Bowl Winning QuarterbackKenny Stabler (Oakland-1977)
15%
Super Bowl Winning QuarterbackBart Starr (Green Bay-1967,1968)
15%
Native American TribeChocktaw
10%
MLB Hall of Famer from MobileOzzie Smith
10%
MLB Hall of Famer from MobileBilly Williams
5%
MLB Hall of Famer from MobileWillie McCovey
5%
MLB Hall of Famer from MobileSatchel Paige
5%
Native American TribeKoasati
0%

You're not logged in!

Compare scores with friends on all Sporcle quizzes.
Join for Free
OR
Log In

You Might Also Like...

Show Comments

Extras

Created Mar 3, 2013ReportNominate
Tags:alabama

Top Quizzes Today


Score Distribution

Your Account Isn't Verified!

In order to create a playlist on Sporcle, you need to verify the email address you used during registration. Go to your Sporcle Settings to finish the process.

Report this User

Report this user for behavior that violates our Community Guidelines.

Details: